000 00517cam a2200181 4500500
005 20251228094949.0
041 _afre
042 _adc
100 1 0 _aFlach, Louis
_eauthor
245 0 0 _aLe monde du silence perdu
260 _c2012.
500 _a3
520 _aEssai inédit
520 _aAn unpublished essay
520 _aEnsaio inédito
786 0 _nSigila | 29 | 1 | 2012-03-01 | p. 43-45 | 1286-1715
856 4 1 _uhttps://shs.cairn.info/revue-sigila-2012-1-page-43?lang=fr&redirect-ssocas=7080
999 _c1605238
_d1605238